LEADER 02125nas# 22002771i 450 001 UON00011297 005 20231205101934.870 100 $a20020107a1968 |0itac50 ba 101 $aita 102 $aIT 105 $a|||| 1|||| 110 $aaB||||||||| 200 1 $aNuova Cina$eperiodico dell'Associazione Italia Cina, Associazione per i rapporti culturali e di amicizia con la Repubblica popolare cinese 207 $a[Anno 1, n. 1(1968] 210 $aRoma$cAssociazione Italia-Cina$d[1968]- 215 $av.$d30 cm.((Mensile, bimestrale dal n. 1(apr.1977). 620 $aIT$dRoma$3UONL000004 686 $aDONO$cPERIODICI - DONO$2A 712 02$aAssociazione Italia-Cina$cRoma$3UONV008780 791 02$aItalia/Cina$zAssociazione Italia-Cina $3UONV031197 801 $aIT$bSOL$c20240220$gRICA 899 $aSIBA - SISTEMA BIBLIOTECARIO DI ATENEO$2UONSI$45(1972)*1* 6(1973) > 9(1976) *C* 10(1977) *1* 11(1978) *1>4* 12(1979) *1,2*$cPer Misc 3 GEOGRAFIA 6°PIANO ; 912 $aUON00011297 950 $aSIBA - SISTEMA BIBLIOTECARIO DI ATENEO$bSI 5(1972)*1* 6(1973) > 9(1976) *C* 10(1977) *1* 11(1978) *1>4* 12(1979) *1,2*$dSI A Per Misc 3 1977 $eSI SA 4102 7 1977 $dSI A Per Misc 3 1978 $eSI SA 8262 7 1978 $dSI A Per Misc 3 1979 $eSI SA 11810 7 1979 $dSI A Per Misc 3 1972 $eSI SA 16191 7 1972 $dSI A Per Misc 3 1973 $eSI SA 16192 7 1973 $dSI A Per Misc 3 1974 $eSI SA 16193 7 1974 $dSI A Per Misc 3 1975 $eSI SA 16194 7 1975 $dSI A Per Misc 3 1976 $eSI SA 16195 7 1976 996 $aNuova Cina$9514372 997 $aUNIOR